Matemática superior 1 : (Registro nro. 10074)
[ vista simple ]
| 000 -LIDER | |
|---|---|
| fixed length control field | 00573nam a22001937a 4500 |
| 003 - IDENTIFICACDOR DE NÚMERO DE CONTROL | |
| control field | DO-SdBNP |
| 005 - DATE AND TIME OF LATEST TRANSACTION | |
| control field | 20180313131359.0 |
| 008 - ELEMENTOS DE LONGITUD FIJA | |
| fixed length control field | 160511b2004 dr||||| |||| 00| 0 spa d |
| 040 ## - FUENTE DE CATALOGACIÓN | |
| Agencia que crea de manera original el registro | BPMSU |
| Idioma de catalogación | spa |
| Agencia que realiza la transcripción | BPMSU |
| 100 ## - ASIENTO PRINCIPAL -- NOMBRE PERSONAL | |
| Nombre personal | Ventura, Eduardo |
| 245 ## - MENCIÓN DE TITULO | |
| Título | Matemática superior 1 : |
| Subtítulo | manual de prácticas / |
| Mención de responsabilidad | Eduardo Ventura |
| 250 ## - MENCIÓN DE EDICION | |
| Mención de edición | 2a. ed. |
| 260 ## - PUBLICACIÓN, DISTRIBUCIÓN, ETC. (PIE DE IMPRENTA) | |
| Lugar de publicación, distribución, etc | Santo Domingo : |
| Nombre del editor, distribuidor, etc. | Universidad Católica Santo Domingo |
| Fecha de publicación, distribución, etc | 2004 |
| 300 ## - DESCRIPCIÓN FÍSICA | |
| Extensión | 99 p. : |
| Otros detalles físicos | il. : |
| Dimensiones | 28 cm |
| 700 ## - ASIENTO SECUNDARIO -- NOMBRE PERSONAL | |
| Nombre personal | Morel, Roberto |
| 942 ## - ADDED ENTRY ELEMENTS (KOHA) | |
| Source of classification or shelving scheme | Dewey Decimal Classification |
| Koha item type | Libros |
| 945 ## - INFORMACIÓN DE PROCESAMIENTO LOCAL | |
| Información de procesamiento local | Inventariado / 2018 VM |
| 956 ## - LOCAL ELECTRONIC LOCATION AND ACCESS (OCLC) | |
| Nombre de host | daysi garcia |
| Withdrawn status | Lost status | Source of classification or shelving scheme | Damaged status | Not for loan | Collection code | Home library | Current library | Date acquired | Source of acquisition | Total Checkouts | Barcode | Date last seen | Price effective from | Koha item type | Copy number |
|---|---|---|---|---|---|---|---|---|---|---|---|---|---|---|---|
| Dewey Decimal Classification | Colección Escolar | Biblioteca Pública Metropolitana Salomé Ureña | Biblioteca Pública Metropolitana Salomé Ureña | 05/11/2016 | Donación | BPMSU16050221 | 05/11/2016 | 05/11/2016 | Libros | ||||||
| Dewey Decimal Classification | Colección Escolar | Biblioteca Pública Metropolitana Salomé Ureña | Biblioteca Pública Metropolitana Salomé Ureña | 05/11/2016 | Donación | BPMSU16050222 | 05/11/2016 | 05/11/2016 | Libros | ej. 2 |